书目信息 |
| 题名: |
化学动力学基础
|
|
| 作者: | 伊列敏 著 ;陈天明 , 韩强 译 | |
| 分册: | ||
| 出版信息: | 福州 福建科学技术出版社 1985 |
|
| 页数: | 469页 | |
| 开本: | 19cm | |
| 丛书名: | ||
| 单 册: | ||
| 中图分类: | O643.1 | |
| 科图分类: | ||
| 主题词: | 反应动力学 | |
| 电子资源: | ||
| ISBN: | ||
| 000 | 00767nam0 2200265 45 | |
| 001 | 0185009546 | |
| 005 | 20060731083316.40 | |
| 010 | @dCNY2.85 | |
| 091 | @a13211.28 | |
| 100 | @a19900904d1985 em y0chiy0121 ea | |
| 101 | 1 | @achi@brus@ceng |
| 102 | @aCN@b350000 | |
| 105 | @ay z 000yy | |
| 200 | 10 | @a化学动力学基础@Ahua xue dong li xue ji chu@f(苏)伊列敏著@g陈天明, 韩强译 |
| 210 | @a福州@c福建科学技术出版社@d1985 | |
| 215 | @a469页@d19cm | |
| 300 | @a根据苏联和平出版社的1979年英文版译出 | |
| 606 | @a反应动力学 | |
| 690 | @aO643.1@v3 | |
| 701 | 1 | @a伊列敏@Ayi lie min@bЕ.И.@4著 |
| 702 | 0 | @a陈天明@Achen tian ming@4译 |
| 702 | 0 | @a韩强@Ahan qiang@4译 |
| 801 | 0 | @aCN@bTSSF@c20060731 |
| 801 | 2 | @aCN@bNLC@c20060724 |
| 905 | @a10447@dO643.1@e41 | |
| 化学动力学基础/(苏)伊列敏著/陈天明, 韩强译.-福州:福建科学技术出版社,1985 |
| 469页;19cm |
| 根据苏联和平出版社的1979年英文版译出 |
| ISBN :CNY2.85 |
| ● |
| 相关链接 |
|
|
|
|
正题名:化学动力学基础
索取号:O643.1/41
 
预约/预借
| 序号 | 登录号 | 条形码 | 馆藏地/架位号 | 状态 | 备注 |
| 1 | 0432758 | 204327585 | 密集书库/ [索取号:O643.1/41] | 在馆 | |
| 2 | 0442900 | 204429001 | 密集书库/ [索取号:O643.1/41] | 在馆 | |
| 3 | 0442901 | 204429010 | 密集书库/ [索取号:O643.1/41] | 在馆 |